书目信息 |
| 题名: |
带本英语书畅游世界
|
|
| 作者: | 郑杰 编著 | |
| 分册: | ||
| 出版信息: | 北京 中国纺织出版社 2018 |
|
| 页数: | 293页 | |
| 开本: | 21cm | |
| 丛书名: | ||
| 单 册: | ||
| 中图分类: | F59 , H319.9 | |
| 科图分类: | ||
| 主题词: | 旅游--英语--口语--自学参考资料 | |
| 电子资源: | ||
| ISBN: | 978-7-5180-4332-3 | |
| 000 | 00912nam0 2200253 450 | |
| 001 | 012001003897 | |
| 005 | 20140926114741.0 | |
| 010 | @a978-7-5180-4332-3@dCNY36.80 | |
| 100 | @a20180315d2018 em y0chiy50 ea | |
| 101 | 0 | @achi@aeng |
| 102 | @aCN@b110000 | |
| 105 | @aa z 000yy | |
| 106 | @ar | |
| 200 | 1 | @a带本英语书畅游世界@9dai ben ying yu shu chang you shi jie@f郑杰编著 |
| 210 | @a北京@c中国纺织出版社@d2018 | |
| 215 | @a293页@c图@d21cm | |
| 314 | @a郑杰,男,教授,担任多家英语辅导班主讲。 | |
| 330 | @a本书包含了出国旅游过程中实用、出现频率高的40个热门话题,全方位模拟出国旅行的时间顺序,从行前准备的办理身签证、预订机票开始,到搭机入境、旅行交通、餐厅就餐,甚至到生病就医等口语表达应有尽有。 | |
| 606 | 0 | @a旅游@x英语@x口语@j自学参考资料 |
| 690 | @aF59@v5 | |
| 690 | @aH319.9@v5 | |
| 701 | 0 | @a郑杰@9zheng jie@4编著 |
| 801 | 0 | @aCN@b上海新华@c20180901 |
| 905 | @b1165361-5@dF59@e558@f5 | |
| 带本英语书畅游世界/郑杰编著.-北京:中国纺织出版社,2018 |
| 293页:图;21cm |
| ISBN 978-7-5180-4332-3:CNY36.80 |
| 本书包含了出国旅游过程中实用、出现频率高的40个热门话题,全方位模拟出国旅行的时间顺序,从行前准备的办理身签证、预订机票开始,到搭机入境、旅行交通、餐厅就餐,甚至到生病就医等口语表达应有尽有。 |
| ● |
| 相关链接 |
|
|
|
|
正题名:带本英语书畅游世界
索取号:F59/558
 
预约/预借
| 序号 | 登录号 | 条形码 | 馆藏地/架位号 | 状态 | 备注 |
| 1 | 1165361 | 211653619 | 第一样本阅览室/ [索取号:F59/558] | 在馆 | |
| 2 | 1165362 | 211653628 | 第一借阅区/ [索取号:F59/558] | 在馆 | |
| 3 | 1165363 | 211653637 | 第一借阅区/ [索取号:F59/558] | 在馆 | |
| 4 | 1165364 | 211653646 | 密集书库-海洋学院/ [索取号:F59/558] | 在馆 | |
| 5 | 1165365 | 211653655 | 第一借阅区/ [索取号:F59/558] | 在馆 |